[Event "zonal 2.5"]
[Site "Cordoba ARG"]
[Date "1998.??.??"]
[Round "6"]
[White "Giaccio, Alfredo"]
[Black "Ricardi, Pablo"]
[Result "1-0"]
[WhiteElo "2460"]
[BlackElo "2545"]
[EventDate "1998.08.30"]
[PlyCount "77"]

1.e4 c5 2.Nf3 d6 3.d4 cxd4 4.Nxd4 Nf6 5.f3 a6 6.c4 e6 7.Nc3 Be7 8.Be3 O-O 
9.Qd2 Nbd7 10.Nc2 Ne5 11.Be2 b6 12.O-O Bb7 13.Rfd1 Qc7 14.Rac1 Nxc4 15.
Bxc4 Qxc4 16.Na3 Qb4 17.Qf2 b5 18.Nc2 Qxb2 19.Bd4 e5 20.Rb1 Qxb1 21.Nxb1 
exd4 22.Nxd4 Rfc8 23.Nf5 Bf8 24.Qg3 Rc7 25.Nd2 g6 26.Nb3 Rc2 27.Nxd6 Nh5 
28.Qh4 Bc8 29.e5 Rxa2 30.Qe4 Rb8 31.Nd4 Be6 32.Nxe6 fxe6 33.Qg4 Ng7 34.Qf4
Nf5 35.g4 Bh6 36.Qb4 Ng7 37.Ne4 Be3+ 38.Kh1 Kh8 39.Qb3 1-0

[Event "zonal 2.5"]
[Site "Cordoba ARG"]
[Date "1998.??.??"]
[Round "6"]
[White "Malbran, Guillermo"]
[Black "Rodriguez Vila, Andres"]
[Result "1-0"]
[WhiteElo "2430"]
[BlackElo "2490"]
[EventDate "1998.08.30"]
[PlyCount "133"]

1.e4 g6 2.d4 Bg7 3.Nf3 d6 4.Nc3 a6 5.Bc4 e6 6.a4 Ne7 7.O-O h6 8.Re1 Nd7 9.
a5 O-O 10.Be3 Kh7 11.h3 Nf6 12.Bd3 Nc6 13.e5 dxe5 14.Nxe5 Nb4 15.Be2 Nbd5 
16.Nxd5 Nxd5 17.Bf3 Nxe3 18.Rxe3 c6 19.c3 Qc7 20.b4 Bd7 21.Qc2 Rad8 22.
Rae1 Bc8 23.h4 Kg8 24.h5 g5 25.g3 Rfe8 26.Bg2 Qe7 27.Bf1 Bxe5 28.Rxe5 Rd5 
29.R5e3 Qf6 30.Bc4 Rf5 31.Bd3 Rd5 32.Qe2 Qg7 33.Bc4 Rf5 34.Re4 Kh8 35.Kg2 
Bd7 36.Re5 Rxe5 37.Qxe5 Qxe5 38.dxe5 Kg7 39.Rd1 Bc8 40.Kf3 Kf8 41.Ke4 Ke7 
42.Be2 Rf8 43.Kd4 f6 44.Kc5 fxe5 45.f3 e4 46.fxe4 e5 47.Rf1 Rh8 48.Kb6 Rh7
49.Rf2 Ke8 50.Rf6 Bh3 51.g4 Bg2 52.Re6+ Kd7 53.Rxe5 Rf7 54.Rf5 Re7 55.Kxb7
Bxe4 56.Rf6 Bg2 57.Bxa6 Re3 58.Rxh6 Rxc3 59.Kb6 Rb3 60.b5 Bf3 61.Rg6 Bxg4 
62.Rxg5 Be2 63.h6 cxb5 64.Rh5 Rc3 65.h7 Rc6+ 66.Ka7 Rc7+ 67.Kb8 1-0

[Event "zonal 2.5"]
[Site "Cordoba ARG"]
[Date "1998.??.??"]
[Round "6"]
[White "Roselli Mailhe, Bernardo"]
[Black "Barria Zuniga, Daniel"]
[Result "1-0"]
[WhiteElo "2385"]
[BlackElo "2305"]
[EventDate "1998.08.30"]
[PlyCount "55"]

1.e4 e6 2.d4 d5 3.Nc3 Bb4 4.e5 Ne7 5.a3 Bxc3+ 6.bxc3 c5 7.Nf3 b6 8.Bb5+ 
Bd7 9.Bd3 c4 10.Bf1 Ba4 11.h4 Nbc6 12.h5 h6 13.Nh4 Kd7 14.Ra2 Qg8 15.g3 
Qh7 16.Qe2 b5 17.Bh3 a5 18.O-O b4 19.axb4 axb4 20.cxb4 Nxb4 21.Rb2 Nxc2 
22.Qf3 Rhf8 23.Rb7+ Ke8 24.Ba3 Bd7 25.Bxe7 Kxe7 26.Rxd7+ Kxd7 27.Qxd5+ Kc7
28.Qd6+ 1-0

[Event "zonal 2.5"]
[Site "Cordoba ARG"]
[Date "1998.??.??"]
[Round "6"]
[White "Soppe, Guillermo"]
[Black "Silva Sanchez, Carlos"]
[Result "1/2-1/2"]
[WhiteElo "2455"]
[BlackElo "2395"]
[EventDate "1998.08.30"]
[PlyCount "103"]

1.d4 Nf6 2.c4 c5 3.d5 e5 4.Nc3 d6 5.e4 Be7 6.g3 O-O 7.Bg2 a6 8.Nge2 Nbd7 
9.O-O Rb8 10.a4 b6 11.Be3 Kh8 12.Nc1 Ne8 13.Nd3 a5 14.Qd2 Ba6 15.b3 Bf6 
16.f4 Nc7 17.f5 Be7 18.Rf3 g5 19.g4 Rg8 20.Rh3 Nf6 21.Bf3 Rg7 22.Kh1 Nce8 
23.Ne2 Ng8 24.Ng3 h6 25.Rg1 Rh7 26.Rg2 Ngf6 27.Qe2 Kg8 28.Bc1 Kf8 29.Bb2 
Qc7 30.Nf1 Nd7 31.Bc3 Nef6 32.Rf2 Kg7 33.Rg3 Rg8 34.Nd2 Kf8 35.Rfg2 Ke8 
36.Qd1 Kd8 37.Nf1 Kc8 38.Rh3 Qd8 39.Ng3 Kb7 40.Qa1 Qb8 41.Nh5 Re8 42.Rg1 
Bd8 43.Ng3 Bc7 44.Qd1 Rg8 45.Qe2 Qf8 46.Nf2 Bd8 47.Nf1 Rgh8 48.Bd2 Ka8 49.
Ng3 Bb7 50.Nf1 Bc7 51.Rhg3 Nb8 52.Rh3 1/2-1/2

[Event "zonal 2.5"]
[Site "Cordoba ARG"]
[Date "1998.??.??"]
[Round "6"]
[White "Toloza Soto, Pablo"]
[Black "Hoffman, Alejandro"]
[Result "0-1"]
[WhiteElo "2350"]
[BlackElo "2525"]
[EventDate "1998.08.30"]
[PlyCount "114"]

1.d4 Nf6 2.c4 c5 3.d5 e6 4.Nc3 exd5 5.cxd5 d6 6.e4 g6 7.Bd3 Bg7 8.h3 O-O 
9.Nf3 b5 10.Nxb5 Re8 11.O-O Nxe4 12.Qb3 a6 13.Na3 Nd7 14.Nc4 Rb8 15.Qc2 f5
16.Bf4 Ndf6 17.Rad1 Nxd5 18.Bxe4 Nxf4 19.Rxd6 Qc7 20.Bc6 Re6 21.Bd5 Nxd5 
22.Rxd5 Bb7 23.Rd3 Be4 24.Ng5 Bxd3 25.Nxe6 Bxc2 26.Nxc7 Bd3 27.Rc1 Bxb2 
28.Nxb2 Rxb2 29.Rc3 c4 30.Nxa6 Rxa2 31.Nb4 Rd2 32.Nxd3 cxd3 33.g3 Kf7 34.
Kg2 Ke6 35.Kf3 Ke5 36.Rc7 Rc2 37.Rxh7 Kd4 38.Rd7+ Kc3 39.Rd6 Rc1 40.Rc6+ 
Kb2 41.Rb6+ Kc2 42.Rc6+ Kd1 43.Rxg6 d2 44.g4 Rc3+ 45.Kf4 Kc2 46.Rd6 Rd3 
47.Rc6+ Rc3 48.Rd6 Rd3 49.Rc6+ Kb3 50.Rb6+ Kc4 51.Rb1 fxg4 52.hxg4 d1=Q 
53.Rxd1 Rxd1 54.Kf5 Kd5 55.f4 Rf1 56.g5 Kd6 57.g6 Ke7 0-1

[Event "zonal 2.5"]
[Site "Cordoba ARG"]
[Date "1998.??.??"]
[Round "7"]
[White "Hoffman, Alejandro"]
[Black "Giaccio, Alfredo"]
[Result "1/2-1/2"]
[WhiteElo "2525"]
[BlackElo "2460"]
[EventDate "1998.08.30"]
[PlyCount "111"]

1.d4 e6 2.c4 Bb4+ 3.Nc3 f5 4.Qc2 Nf6 5.a3 Bxc3+ 6.Qxc3 O-O 7.Nf3 b6 8.g3 
Bb7 9.Bg2 d6 10.O-O Qe7 11.b4 a5 12.Bb2 Nbd7 13.Rad1 axb4 14.axb4 Be4 15.
Ra1 b5 16.cxb5 Nb6 17.Ra5 Qd7 18.Rfa1 Rab8 19.Bc1 Bd5 20.Nd2 Bxg2 21.Kxg2 
Nbd5 22.Qc4 Rfc8 23.Nf3 Ne4 24.Bd2 Qe8 25.Be1 Rb6 26.Qd3 Rcb8 27.Ng1 Nef6 
28.Nh3 Rxb5 29.Rxb5 Rxb5 30.Ra5 Qc6 31.f3 Rb8 32.b5 Qc1 33.Bd2 Qb2 34.Nf2 
Nb4 35.Qc3 Qxc3 36.Bxc3 Nc2 37.e4 Ne3+ 38.Kh3 fxe4 39.fxe4 d5 40.e5 Ne4 
41.Nxe4 dxe4 42.Bb4 h6 43.Bc5 g5 44.g4 Kf7 45.Kg3 Ke8 46.h4 gxh4+ 47.Kf4 
Nd5+ 48.Kxe4 Kf7 49.Kf3 Kg6 50.Ra6 Re8 51.Ba3 h5 52.Rc6 hxg4+ 53.Kxg4 Rh8 
54.Rxe6+ Kf7 55.Rc6 h3 56.Rc1 1/2-1/2

[Event "zonal 2.5"]
[Site "Cordoba ARG"]
[Date "1998.??.??"]
[Round "7"]
[White "Rodriguez Vila, Andres"]
[Black "Soppe, Guillermo"]
[Result "1-0"]
[WhiteElo "2490"]
[BlackElo "2455"]
[EventDate "1998.08.30"]
[PlyCount "93"]

1.e4 Nf6 2.e5 Nd5 3.d4 d6 4.c4 Nb6 5.exd6 cxd6 6.Nc3 g6 7.Be3 Bg7 8.Rc1 
O-O 9.b3 e5 10.dxe5 dxe5 11.c5 N6d7 12.Nf3 Nc6 13.Bb5 e4 14.Bxc6 bxc6 15.
Nxe4 Ba6 16.Nd6 Bb2 17.Rc2 Ba3 18.Qd4 Qe7 19.Nd2 Rfd8 20.N2e4 f5 21.Qa4 
Bd3 22.Rc3 Bxe4 23.Qxa3 Qe5 24.Nxe4 fxe4 25.Qc1 Nf6 26.Bf4 Qf5 27.Bd6 Nd5 
28.Rg3 Rd7 29.O-O Re8 30.Re1 Rf7 31.Rf3 Qe6 32.Rxf7 Kxf7 33.Qc4 Kg7 34.h3 
h5 35.b4 Qf5 36.b5 cxb5 37.Qxb5 Qf7 38.Qa4 Nc3 39.Qa3 Nd5 40.Qa4 Nc3 41.
Qb4 Qf6 42.Qb7+ Qf7 43.c6 Nd5 44.c7 Nb6 45.Rxe4 Rxe4 46.Qxe4 Qxa2 47.Qe5+ 
1-0

[Event "zonal 2.5"]
[Site "Cordoba ARG"]
[Date "1998.??.??"]
[Round "7"]
[White "Silva Sanchez, Carlos"]
[Black "Roselli Mailhe, Bernardo"]
[Result "1-0"]
[WhiteElo "2395"]
[BlackElo "2385"]
[EventDate "1998.08.30"]
[PlyCount "117"]

1.Nf3 Nf6 2.g3 g6 3.b3 Bg7 4.Bb2 d6 5.Bg2 e5 6.d3 O-O 7.O-O Bd7 8.Nbd2 Qc8
9.Re1 Bh3 10.Bh1 h6 11.c4 Nc6 12.a3 Ng4 13.Qc2 Qf5 14.e3 Qh5 15.Re2 f5 16.
Rae1 g5 17.b4 Rf7 18.b5 Ne7 19.c5 d5 20.e4 fxe4 21.dxe4 d4 22.Qb3 Rf8 23.
b6 axb6 24.cxb6 cxb6 25.a4 Nc6 26.Ba3 Rd8 27.Nc4 Qg6 28.Qxb6 Rfd7 29.Rd2 
Bf8 30.Bxf8 Rxf8 31.Qc5 Qf6 32.Rb1 Rb8 33.a5 Qf8 34.Qxf8+ Rxf8 35.Ne1 Rdf7
36.Nd3 Rd7 37.Rdb2 Nd8 38.f3 Rc7 39.fxg4 Rxc4 40.Nf2 Rxf2 41.Rxf2 Bxg4 42.
Bf3 Be6 43.Rb6 Nc6 44.Rxb7 Nxa5 45.Re7 Bh3 46.Bg2 Bxg2 47.Kxg2 d3 48.Rd7 
Rd4 49.Rxd4 exd4 50.Rd2 Kf7 51.Rxd3 Nc6 52.Rb3 Ke6 53.Rb5 d3 54.Kf2 Ne5 
55.h3 h5 56.Ke3 h4 57.gxh4 gxh4 58.Rd5 Kf6 59.Rd6+ 1-0

[Event "zonal 2.5"]
[Site "Cordoba ARG"]
[Date "1998.??.??"]
[Round "7"]
[White "Valiente, Cristobal"]
[Black "Malbran, Guillermo"]
[Result "1/2-1/2"]
[WhiteElo "2400"]
[BlackElo "2430"]
[EventDate "1998.08.30"]
[PlyCount "70"]

1.Nf3 d6 2.e4 Nf6 3.Nc3 Bg4 4.d4 e6 5.Be2 c6 6.O-O d5 7.e5 Nfd7 8.Ng5 Bxe2
9.Qxe2 Be7 10.Qh5 Bxg5 11.Qxg5 Qxg5 12.Bxg5 f6 13.exf6 gxf6 14.Bh4 Kf7 15.
Rae1 Nf8 16.Nb1 Na6 17.Re3 Ng6 18.Bg3 c5 19.c3 Rhc8 20.Na3 Ne7 21.Bf4 Nf5 
22.Rh3 cxd4 23.g4 e5 24.gxf5 exf4 25.Rxh7+ Kg8 26.Rxb7 Nc5 27.Re7 dxc3 28.
bxc3 Ne4 29.Nb5 Nxc3 30.Nxc3 Rxc3 31.Kh1 Kh8 32.Rg1 f3 33.h3 Rc2 34.Rgg7 
Rxf2 35.Rh7+ Kg8 1/2-1/2

[Event "zonal 2.5"]
[Site "Cordoba ARG"]
[Date "1998.??.??"]
[Round "8"]
[White "Cubas, Jose Fernando"]
[Black "Malbran, Guillermo"]
[Result "0-1"]
[WhiteElo "2165"]
[BlackElo "2430"]
[EventDate "1998.08.30"]
[PlyCount "122"]

1.e4 Nf6 2.e5 Nd5 3.c4 Nb6 4.c5 Nd5 5.Bc4 c6 6.Nc3 d6 7.Qb3 Nd7 8.Nxd5 
Nxc5 9.Nc7+ Kd7 10.Qe3 Kxc7 11.d4 Be6 12.Bxe6 Nxe6 13.d5 cxd5 14.Bd2 Kd7 
15.exd6 exd6 16.Ne2 Be7 17.O-O Bf6 18.Qb3 d4 19.Qb5+ Ke7 20.Qxb7+ Qd7 21.
Qd5 Rab8 22.Ng3 Rhc8 23.a3 Qc6 24.Qh5 g6 25.Qh6 Bg7 26.Qh4+ Bf6 27.Qh6 
Rxb2 28.Rfe1 Rb5 29.Rac1 Rc5 30.Ne4 Rxc1 31.Bxc1 Bg7 32.Qh4+ Kf8 33.Bd2 
Kg8 34.Nf6+ Bxf6 35.Qxf6 Qd5 36.Bh6 Qf5 37.Qe7 g5 38.h4 gxh4 39.Qxh4 Kh8 
40.f3 Rg8 41.Qf2 Qg6 42.Bc1 Qg3 43.Qxg3 Rxg3 44.Rd1 Kg8 45.Kf2 Rg7 46.Bb2 
Rg5 47.Bxd4 Rd5 48.Ke3 Rxd4 49.Rxd4 Nxd4 50.Kxd4 Kf8 51.Kd5 Ke7 52.g4 Kd7 
53.a4 h6 54.a5 a6 55.f4 Kc7 56.f5 Kd7 57.f6 Kc7 58.Kc4 Kc6 59.Kd4 d5 60.
Kc3 Kc5 61.Kd3 Kd6 0-1

[Event "zonal 2.5"]
[Site "Cordoba ARG"]
[Date "1998.??.??"]
[Round "8"]
[White "Giaccio, Alfredo"]
[Black "Barria Zuniga, Daniel"]
[Result "1/2-1/2"]
[WhiteElo "2460"]
[BlackElo "2305"]
[EventDate "1998.08.30"]
[PlyCount "80"]

1.e4 e6 2.d4 d5 3.e5 c5 4.c3 Qb6 5.Nf3 Bd7 6.Be2 Bb5 7.c4 Bxc4 8.Bxc4 Qb4+
9.Nbd2 dxc4 10.O-O cxd4 11.Nxd4 Nd7 12.Qe2 Rc8 13.Ne4 Nc5 14.Bd2 Qa4 15.
Rac1 Nxe4 16.Qxe4 Qd7 17.Bg5 h6 18.Be3 Ne7 19.Ne2 Qd5 20.Qc2 Nf5 21.Rfd1 
Qc6 22.Nd4 Nxd4 23.Rxd4 b5 24.Rg4 h5 25.Rg3 Rc7 26.h4 g6 27.a4 a6 28.axb5 
axb5 29.Bg5 Bg7 30.Bf6 Bxf6 31.exf6 e5 32.Rf3 O-O 33.Qd2 Kh7 34.Qg5 Re8 
35.Re1 e4 36.Rf5 Qe6 37.Rxb5 Rc6 38.Re2 Qxf6 39.Qxf6 Rxf6 40.Rc5 Rb6 
1/2-1/2

[Event "zonal 2.5"]
[Site "Cordoba ARG"]
[Date "1998.??.??"]
[Round "8"]
[White "Ricardi, Pablo"]
[Black "Hoffman, Alejandro"]
[Result "1-0"]
[WhiteElo "2545"]
[BlackElo "2525"]
[EventDate "1998.08.30"]
[PlyCount "71"]

1.e4 c5 2.Nf3 g6 3.c3 Bg7 4.d4 cxd4 5.cxd4 d5 6.exd5 Nf6 7.Nc3 O-O 8.Bc4 
Nbd7 9.O-O Nb6 10.Bb3 Nbxd5 11.Bg5 Nxc3 12.bxc3 Ne4 13.Re1 Nxg5 14.Nxg5 e6
15.h4 Bd7 16.Qg4 Rc8 17.Re3 h6 18.Nf3 a5 19.Ne5 h5 20.Qh3 Rc7 21.Rae1 Bc6 
22.g4 hxg4 23.Qxg4 Bxe5 24.Rxe5 Kg7 25.h5 Rh8 26.Bxe6 fxe6 27.Rxe6 Kf8 28.
Rxg6 Rf7 29.Re5 Qd7 30.Qg3 Qc7 31.h6 Qb6 32.d5 Qb1+ 33.Kh2 Bd7 34.Re8+ 
Bxe8 35.Qd6+ Re7 36.Qf6+ 1-0

[Event "zonal 2.5"]
[Site "Cordoba ARG"]
[Date "1998.??.??"]
[Round "8"]
[White "Roselli Mailhe, Bernardo"]
[Black "Rodriguez Vila, Andres"]
[Result "0-1"]
[WhiteElo "2385"]
[BlackElo "2490"]
[EventDate "1998.08.30"]
[PlyCount "72"]

1.e4 e6 2.d4 d5 3.e5 c5 4.c3 Nc6 5.Nf3 Bd7 6.a3 Qb6 7.b4 cxd4 8.cxd4 Rc8 
9.Be2 a5 10.b5 Nxd4 11.Nxd4 Rxc1 12.Qxc1 Qxd4 13.Qc3 Bc5 14.O-O Ne7 15.Kh1
Qxc3 16.Nxc3 Bd4 17.Rac1 Bxe5 18.f4 Bd6 19.a4 Nc8 20.Bd1 Nb6 21.Bb3 Ke7 
22.Ne2 Rc8 23.Nd4 Rxc1 24.Rxc1 Bxf4 25.Rd1 e5 26.Nf3 Kd6 27.Nd2 Bg4 28.
Ne4+ Kc7 29.Rxd5 Nxd5 30.Bxd5 f5 31.Nc5 b6 32.Ne6+ Kd6 33.Bb3 Bh6 34.Nf8 
e4 35.Kg1 e3 36.Kf1 Bf4 0-1

[Event "zonal 2.5"]
[Site "Cordoba ARG"]
[Date "1998.??.??"]
[Round "8"]
[White "Soppe, Guillermo"]
[Black "Valiente, Cristobal"]
[Result "1-0"]
[WhiteElo "2455"]
[BlackElo "2400"]
[EventDate "1998.08.30"]
[PlyCount "37"]

1.d4 Nf6 2.c4 e6 3.Nc3 Bb4 4.Qc2 c5 5.dxc5 Bxc5 6.Nf3 O-O 7.Bg5 b6 8.e4 
Be7 9.e5 Ne8 10.Qe4 Bxg5 11.Nxg5 f5 12.Qxa8 Nc6 13.Nxe6 Qe7 14.Nxf8 Ba6 
15.Nxd7 Qxd7 16.Rd1 Qe6 17.Be2 Kf7 18.O-O Bc8 19.Bf3 1-0

[Event "zonal 2.5"]
[Site "Cordoba ARG"]
[Date "1998.??.??"]
[Round "9"]
[White "Barria Zuniga, Daniel"]
[Black "Ricardi, Pablo"]
[Result "0-1"]
[WhiteElo "2305"]
[BlackElo "2545"]
[EventDate "1998.08.30"]
[PlyCount "56"]

1.e4 c5 2.Nf3 d6 3.d4 cxd4 4.Nxd4 Nf6 5.Nc3 a6 6.Be3 e5 7.Nb3 Be7 8.Qe2 
Be6 9.O-O-O Nbd7 10.h3 b5 11.g4 Nb6 12.g5 Nfd7 13.h4 O-O 14.Bh3 b4 15.Nd5 
Nxd5 16.exd5 Bxh3 17.Rxh3 a5 18.Kb1 f5 19.f4 a4 20.Nd4 exd4 21.Bxd4 b3 22.
cxb3 axb3 23.Rxb3 Rf7 24.h5 Nf8 25.Rb7 Qa5 26.Rxe7 Qxa2+ 27.Kc1 Qa1+ 28.
Kd2 Qa4 0-1

[Event "zonal 2.5"]
[Site "Cordoba ARG"]
[Date "1998.??.??"]
[Round "9"]
[White "Hoffman, Alejandro"]
[Black "Cubas, Jose Fernando"]
[Result "1-0"]
[WhiteElo "2525"]
[BlackElo "2165"]
[EventDate "1998.08.30"]
[PlyCount "39"]

1.d4 d5 2.c4 e6 3.Nf3 Nf6 4.Nc3 c6 5.Bg5 Be7 6.e3 Nbd7 7.Qc2 O-O 8.a3 Re8 
9.Rd1 a6 10.Bd3 h6 11.Bf4 dxc4 12.Bxc4 Nb6 13.Ba2 Nbd5 14.Bg3 Qa5 15.O-O 
Nxc3 16.bxc3 Nd5 17.Rd3 Qxa3 18.e4 Nf6 19.Ne5 Qa5 20.Rf3 1-0

[Event "zonal 2.5"]
[Site "Cordoba ARG"]
[Date "1998.??.??"]
[Round "9"]
[White "Malbran, Guillermo"]
[Black "Soppe, Guillermo"]
[Result "0-1"]
[WhiteElo "2430"]
[BlackElo "2455"]
[EventDate "1998.08.30"]
[PlyCount "88"]

1.e4 c6 2.d4 d5 3.e5 Bf5 4.h4 h6 5.g4 Be4 6.Rh3 e6 7.h5 c5 8.dxc5 Bxc5 9.
Nd2 Bh7 10.Nb3 Bb6 11.Bd3 Bxd3 12.cxd3 d4 13.Nf3 Nc6 14.Bf4 Nge7 15.Nbd2 
Ba5 16.Kf1 Bxd2 17.Nxd2 Qd5 18.Qb3 O-O 19.Qxd5 Nxd5 20.Bh2 Rac8 21.Nc4 
Ncb4 22.Nd6 Rc2 23.a3 Nc6 24.Rb1 f6 25.Rf3 Nxe5 26.Bxe5 fxe5 27.Rxf8+ Kxf8
28.Nc4 e4 29.dxe4 Nf6 30.Ne5 Nxe4 31.Rd1 Rxf2+ 32.Ke1 Rxb2 33.Rxd4 Nf6 34.
a4 Ke8 35.Nd3 Rg2 36.Nf2 Ke7 37.Ke2 Rg3 38.Rb4 b6 39.a5 Nd5 40.Rc4 Rc3 41.
Ra4 Rc5 42.Kd3 Rxa5 43.Rxa5 bxa5 44.Kc4 a4 0-1

[Event "zonal 2.5"]
[Site "Cordoba ARG"]
[Date "1998.??.??"]
[Round "9"]
[White "Silva Sanchez, Carlos"]
[Black "Giaccio, Alfredo"]
[Result "1-0"]
[WhiteElo "2395"]
[BlackElo "2460"]
[EventDate "1998.08.30"]
[PlyCount "133"]

1.Nf3 Nf6 2.g3 d5 3.Bg2 g6 4.b3 Bg7 5.Bb2 O-O 6.c4 dxc4 7.bxc4 c5 8.d3 Nc6
9.Nbd2 Qc7 10.O-O b6 11.a3 Rd8 12.Qc2 Bb7 13.Nb3 Ne8 14.Rad1 e5 15.e3 Ne7 
16.Nbd2 a6 17.Ne4 Bxe4 18.dxe4 f6 19.Nd2 Rd6 20.Nb1 Rad8 21.Nc3 Rxd1 22.
Rxd1 Rxd1+ 23.Qxd1 Qd6 24.Qc2 Nc7 25.Bf1 Kf7 26.Bc1 Qd7 27.Qb3 Nc8 28.h4 
Ke7 29.Kh2 Qc6 30.a4 Nd6 31.Ba3 Bf8 32.Bd3 Kf7 33.Qd1 Kg7 34.Bb2 Nf7 35.
Qg4 Qd6 36.Nd5 Nxd5 37.exd5 f5 38.Qf3 Qf6 39.e4 fxe4 40.Qxf6+ Kxf6 41.Bxe4
Nd6 42.Bd3 Nf5 43.Kg2 a5 44.Kf3 Nd4+ 45.Ke4 Bh6 46.Bc3 Bc1 47.Bf1 Bh6 48.
Bh3 Ke7 49.Kxe5 Ne2 50.d6+ Kd8 51.Be1 Bg7+ 52.Ke4 Bc3 53.Ke3 Bxe1 54.Kxe2 
Bc3 55.f4 h6 56.Kf3 Bd4 57.Be6 Ke8 58.Kg4 Bf2 59.f5 gxf5+ 60.Bxf5 Be1 61.
Kf4 Kf7 62.h5 Ke8 63.g4 Kd8 64.Ke4 Bg3 65.Kd5 Bf4 66.Kc6 Be5 67.d7 1-0

[Event "zonal 2.5"]
[Site "Cordoba ARG"]
[Date "1998.??.??"]
[Round "9"]
[White "Valiente, Cristobal"]
[Black "Roselli Mailhe, Bernardo"]
[Result "0-1"]
[WhiteElo "2400"]
[BlackElo "2385"]
[EventDate "1998.08.30"]
[PlyCount "74"]

1.e4 c5 2.Nf3 Nc6 3.Bb5 e6 4.O-O Nge7 5.b3 Ng6 6.Bb2 f6 7.d4 cxd4 8.Nxd4 
Bc5 9.Ne2 O-O 10.Nbc3 Nce5 11.Bd3 a6 12.a4 b6 13.Kh1 Bb7 14.f4 Ng4 15.Qe1 
f5 16.h3 Ne3 17.Rf3 Nxg2 18.Kxg2 Nh4+ 19.Kg3 d5 20.exd5 exd5 21.Rf2 Rf6 
22.Kh2 Rg6 23.Ng3 Bxf2 24.Qxf2 d4 25.Be2 dxc3 26.Bxc3 Rc8 27.Rd1 Rd6 28.
Rxd6 Qxd6 29.Be5 Qd5 30.c4 Qd2 31.Nf1 Qc2 32.Kg3 Ng6 33.Ne3 Qe4 34.Bf3 
Qxf3+ 35.Qxf3 Bxf3 36.Kxf3 b5 37.cxb5 axb5 0-1

[Event "zonal 2.5"]
[Site "Cordoba ARG"]
[Date "1998.??.??"]
[Round "10"]
[White "Cubas, Jose Fernando"]
[Black "Soppe, Guillermo"]
[Result "1/2-1/2"]
[WhiteElo "2165"]
[BlackElo "2455"]
[EventDate "1998.08.30"]
[PlyCount "80"]

1.e4 c6 2.d4 d5 3.Nd2 dxe4 4.Nxe4 Nf6 5.Nxf6+ gxf6 6.Bc4 Bf5 7.Ne2 e6 8.
Ng3 Bg6 9.h4 h5 10.Bf4 Bd6 11.Qd2 Qc7 12.Bxd6 Qxd6 13.O-O-O Nd7 14.Bb3 
O-O-O 15.Rhe1 Kb8 16.Kb1 Nb6 17.Ka1 c5 18.c3 c4 19.Bc2 Bxc2 20.Qxc2 f5 21.
Qe2 Rdg8 22.d5 Nxd5 23.Qxc4 Qc7 24.Qd4 Qf4 25.Qxf4+ Nxf4 26.Rd7 Rd8 27.
Rxf7 Nxg2 28.Rh1 Rd2 29.a4 Nf4 30.Ne4 fxe4 31.Rxf4 Re8 32.Rxe4 Rxf2 33.Rg1
Re7 34.Rc4 b6 35.Rg5 Rf5 36.Re4 Rxg5 37.hxg5 Rg7 38.Rxe6 Rxg5 39.Rh6 Rg4 
40.Rxh5 Rxa4+ 1/2-1/2

[Event "zonal 2.5"]
[Site "Cordoba ARG"]
[Date "1998.??.??"]
[Round "10"]
[White "Giaccio, Alfredo"]
[Black "Rodriguez Vila, Andres"]
[Result "0-1"]
[WhiteElo "2460"]
[BlackElo "2490"]
[EventDate "1998.08.30"]
[PlyCount "48"]

1.e4 e6 2.d4 d5 3.Nc3 Bb4 4.a3 Bxc3+ 5.bxc3 dxe4 6.Qg4 Nf6 7.Qxg7 Rg8 8.
Qh6 Nbd7 9.h3 b6 10.g3 Qe7 11.Bg2 Rg6 12.Qh4 Ba6 13.g4 e5 14.g5 exd4 15.
gxf6 Nxf6 16.Bf1 d3 17.Be3 O-O-O 18.Kd2 dxc2+ 19.Kxc2 Bxf1 20.Rxf1 Qxa3 
21.Rb1 Qa4+ 22.Rb3 c5 23.Kb2 Rd1 24.Qf4 Ra1 0-1

[Event "zonal 2.5"]
[Site "Cordoba ARG"]
[Date "1998.??.??"]
[Round "10"]
[White "Hoffman, Alejandro"]
[Black "Barria Zuniga, Daniel"]
[Result "1/2-1/2"]
[WhiteElo "2525"]
[BlackElo "2305"]
[EventDate "1998.08.30"]
[PlyCount "79"]

1.d4 Nf6 2.c4 g6 3.Nc3 Bg7 4.e4 d6 5.Nge2 O-O 6.Ng3 c5 7.d5 e6 8.Be2 exd5 
9.exd5 Nfd7 10.O-O f5 11.f4 Bxc3 12.bxc3 Nf6 13.h3 Nbd7 14.Bd3 Qa5 15.Bd2 
Nb6 16.Qb3 Nfxd5 17.cxd5 c4 18.Bxc4 Qc5+ 19.Kh2 Qxc4 20.Be3 Qxb3 21.axb3 
Nxd5 22.Bd4 b6 23.c4 Nc7 24.Rfe1 Be6 25.Bb2 Rfe8 26.Ne2 b5 27.cxb5 Nxb5 
28.b4 Bc4 29.Nd4 Nxd4 30.Bxd4 Rxe1 31.Rxe1 Kf7 32.g4 a5 33.Rc1 d5 34.bxa5 
Rxa5 35.Ra1 Rxa1 36.Bxa1 fxg4 37.hxg4 h5 38.Kg3 Be2 39.gxh5 gxh5 40.f5 
1/2-1/2

[Event "zonal 2.5"]
[Site "Cordoba ARG"]
[Date "1998.??.??"]
[Round "10"]
[White "Ricardi, Pablo"]
[Black "Silva Sanchez, Carlos"]
[Result "1/2-1/2"]
[WhiteElo "2545"]
[BlackElo "2395"]
[EventDate "1998.08.30"]
[PlyCount "65"]

1.d4 Nf6 2.c4 g6 3.Nc3 Bg7 4.e4 d6 5.Nf3 O-O 6.Be2 c5 7.d5 e6 8.O-O exd5 
9.exd5 Re8 10.h3 Ne4 11.Nxe4 Rxe4 12.Bd3 Re8 13.Bg5 f6 14.Bf4 Bf8 15.Qc2 
Nd7 16.Bxg6 hxg6 17.Qxg6+ Bg7 18.Bxd6 Nf8 19.Bxf8 Kxf8 20.Rfe1 Bd7 21.h4 
Qc7 22.g3 Rxe1+ 23.Rxe1 Re8 24.Re4 Rxe4 25.Qxe4 Be8 26.g4 Qe7 27.Qf4 Kg8 
28.h5 Bf8 29.Kg2 Qg7 30.Kh3 Bd7 31.Kg3 Be8 32.Kh3 Bd7 33.Kg3 1/2-1/2

[Event "zonal 2.5"]
[Site "Cordoba ARG"]
[Date "1998.??.??"]
[Round "10"]
[White "Roselli Mailhe, Bernardo"]
[Black "Malbran, Guillermo"]
[Result "1-0"]
[WhiteElo "2385"]
[BlackElo "2430"]
[EventDate "1998.08.30"]
[PlyCount "57"]

1.Nf3 Nf6 2.g3 g6 3.Bg2 Bg7 4.d3 d5 5.O-O c5 6.Nc3 Nc6 7.a3 O-O 8.Rb1 Ne8 
9.Bd2 Nc7 10.Qc1 Nd4 11.Bh6 Qd6 12.Bxg7 Kxg7 13.b4 e5 14.Qb2 b6 15.Nd2 Be6
16.e3 Nc6 17.f4 Kg8 18.b5 Ne7 19.Nce4 dxe4 20.Nxe4 Qd8 21.Nf6+ Kh8 22.Bxa8
Nxa8 23.Qxe5 Nf5 24.g4 Ng7 25.Rf3 Qc7 26.Rh3 Nh5 27.Rxh5 gxh5 28.Qxh5 Kg7 
29.Qg5+ 1-0

[Event "zonal 2.5"]
[Site "Cordoba ARG"]
[Date "1998.??.??"]
[Round "10"]
[White "Toloza Soto, Pablo"]
[Black "Valiente, Cristobal"]
[Result "0-1"]
[WhiteElo "2350"]
[BlackElo "2400"]
[EventDate "1998.08.30"]
[PlyCount "62"]

1.d4 Nf6 2.c4 e6 3.Nc3 Bb4 4.Qc2 c5 5.dxc5 O-O 6.Bg5 Nc6 7.Nf3 h6 8.Bh4 
Qa5 9.Bxf6 gxf6 10.e3 Bxc5 11.Be2 Bb4 12.O-O Bxc3 13.Qxc3 Qxc3 14.bxc3 b6 
15.Rfd1 Rd8 16.Rd2 Kf8 17.Nd4 Ba6 18.Rad1 Na5 19.Nb5 Bxb5 20.cxb5 Ke7 21.
Rd4 d5 22.Rh4 Rac8 23.Rxh6 Rxc3 24.h4 Rc2 25.Bd3 Rxa2 26.Rc1 Rd2 27.Bf1 
Nc4 28.Bxc4 Rc8 29.h5 dxc4 30.Rh7 c3 31.Kf1 c2 0-1

[Event "zonal 2.5"]
[Site "Cordoba ARG"]
[Date "1998.??.??"]
[Round "11"]
[White "Rodriguez Vila, Andres"]
[Black "Ricardi, Pablo"]
[Result "0-1"]
[WhiteElo "2490"]
[BlackElo "2545"]
[EventDate "1998.08.30"]
[PlyCount "76"]

1.e4 c5 2.Nf3 d6 3.d4 cxd4 4.Nxd4 Nf6 5.Nc3 Nc6 6.Bc4 Qb6 7.Nb3 e6 8.Bf4 
Ne5 9.Bb5+ Bd7 10.Bxd7+ Nexd7 11.O-O a6 12.Be3 Qc7 13.f4 Be7 14.Qf3 Rc8 
15.Rad1 b5 16.a3 Qb7 17.f5 e5 18.Rd3 h6 19.Rf2 O-O 20.Re2 b4 21.axb4 Qxb4 
22.Qh3 Kh7 23.Bd2 Qb6+ 24.Kh1 Rc4 25.Rg3 Rh8 26.Nd5 Qd8 27.Na5 Rxe4 28.Nc6
Rxe2 29.Nxf6+ Nxf6 30.Nxd8 Rxd2 31.Rd3 Rxd3 32.Qxd3 Rxd8 33.Qxa6 d5 34.g4 
d4 35.h4 e4 36.Qe2 d3 37.cxd3 exd3 38.Qxe7 Rd7 0-1

[Event "zonal 2.5"]
[Site "Cordoba ARG"]
[Date "1998.??.??"]
[Round "11"]
[White "Silva Sanchez, Carlos"]
[Black "Hoffman, Alejandro"]
[Result "0-1"]
[WhiteElo "2395"]
[BlackElo "2525"]
[EventDate "1998.08.30"]
[PlyCount "80"]

1.Nf3 g6 2.g3 Bg7 3.Bg2 e5 4.d3 d5 5.O-O Ne7 6.e4 O-O 7.Nc3 d4 8.Ne2 c5 9.
a4 Nbc6 10.b3 f6 11.Nd2 Be6 12.f4 a6 13.Ba3 Nb4 14.Nf3 Qd6 15.Qd2 Nec6 16.
f5 Bf7 17.g4 g5 18.Ng3 b5 19.Rfb1 Rfb8 20.Bf1 bxa4 21.bxa4 a5 22.Rb2 Bf8 
23.Qd1 Na7 24.Nd2 Nc8 25.Nc4 Qc6 26.Qc1 Bxc4 27.dxc4 Nb6 28.Bxb4 cxb4 29.
Nh5 Be7 30.c5 Bxc5 31.Bd3 Be7 32.h4 h6 33.hxg5 hxg5 34.Qf1 Rc8 35.Rba2 Nc4
36.Qh3 Ne3 37.c4 Kf7 38.Nxf6 Bxf6 39.Qh7+ Bg7 40.Qh5+ Kf6 0-1

[Event "zonal 2.5"]
[Site "Cordoba ARG"]
[Date "1998.??.??"]
[Round "11"]
[White "Soppe, Guillermo"]
[Black "Roselli Mailhe, Bernardo"]
[Result "1/2-1/2"]
[WhiteElo "2455"]
[BlackElo "2385"]
[EventDate "1998.08.30"]
[PlyCount "79"]

1.d4 Nf6 2.c4 g6 3.Nc3 Bg7 4.e4 d6 5.Nf3 O-O 6.Be2 e5 7.O-O Na6 8.Be3 Ng4 
9.Bg5 Qe8 10.dxe5 dxe5 11.h3 h6 12.Bd2 Nf6 13.Be3 Nh5 14.Rb1 c6 15.b4 Qe7 
16.Qa4 Re8 17.Rfd1 Nf4 18.Bf1 g5 19.Rd2 Bf8 20.c5 Nc7 21.Qa5 Nce6 22.Rc1 
Qf6 23.Nh2 h5 24.Qa4 Qg6 25.Qd1 Ng7 26.b5 Be7 27.a4 f5 28.Nf3 Bf6 29.Rd6 
Be6 30.bxc6 bxc6 31.Rxc6 g4 32.hxg4 hxg4 33.Nh2 g3 34.fxg3 Nh3+ 35.Kh1 Nh5
36.Ne2 Qxg3 37.Rxe6 Rxe6 38.Qb3 Nf2+ 39.Kg1 Nh3+ 40.Kh1 1/2-1/2